[Event "FRA-chT4 0506"]
[Site "Bretagne"]
[Date "2006.01.15"]
[Round "4"]
[White "Conner, Michel"]
[Black "Messager, Christophe"]
[Result "1-0"]
[WhiteElo "1730"]
[BlackElo "1770"]
[PlyCount "59"]
[EventDate "2005.10.16"]
[EventType "team"]
[EventRounds "7"]
[EventCountry "FRA"]
[SourceTitle "EXT 2007"]
[Source "ChessBase"]
[SourceDate "2006.11.23"]
[SourceVersion "1"]
[SourceVersionDate "2006.11.23"]
[SourceQuality "1"]

1. d4 Nf6 2. c4 e6 3. Nc3 d5 4. cxd5 exd5 5. Bg5 Nbd7 6. e3 c6 7. Bd3 Be7 8. Qc2 0-0 9. Nf3 Re8 10. 0-0 Nf8 11. Ne5 Ng4 12. Bxe7 Qxe7 13. Nxg4 Bxg4 14. a3 Rad8 15. b4 a6 16. Na4 Rd6 17. Nc5 Rh6 18. Bf5 Bh5 19. Rac1 Bg6 20. a4 Qh4 21. h3 Qg5 22. Bxg6 Rxg6 23. g3 Rxe3 24. fxe3 Qxg3+ 25. Kh1 Qxh3+ 26. Qh2 Qxe3 27. Rce1 Qxd4 28. Rf4 Qc3 29. Rg1 Rh6 30. Qxh6 1-0

[Event "Finistere-chB 0405"]
[Site "Finistere"]
[Date "2005.05.03"]
[Round "6"]
[White "Conner, Michel"]
[Black "Avrillon, Wilfrid"]
[Result "0-1"]
[WhiteElo "1720"]
[BlackElo "1430"]
[PlyCount "26"]
[EventDate "2004.10.16"]
[EventType "swiss"]
[EventRounds "7"]
[EventCountry "FRA"]
[SourceTitle "EXT 2007"]
[Source "ChessBase"]
[SourceDate "2006.11.23"]
[SourceVersion "1"]
[SourceVersionDate "2006.11.23"]
[SourceQuality "1"]

1. d4 Nf6 2. c4 g6 3. Nc3 c6 4. e4 d6 5. Nf3 Bg4 6. Be2 Bg7 7. 0-0 0-0 8. Be3 Nbd7 9. Qd2 Re8 10. Rfd1 c5 11. Qc2 Qc7 12. Rab1 Bxf3 13. Nb5 Bxe4 0-1

[Event "Finistere-chB 0405"]
[Site "Finistere"]
[Date "2004.11.20"]
[Round "2"]
[White "Conner, Michel"]
[Black "Chetail, Guillaume"]
[Result "1-0"]
[WhiteElo "1760"]
[BlackElo "1500"]
[PlyCount "65"]
[EventDate "2004.10.16"]
[EventType "swiss"]
[EventRounds "7"]
[EventCountry "FRA"]
[SourceTitle "EXT 2007"]
[Source "ChessBase"]
[SourceDate "2006.11.23"]
[SourceVersion "1"]
[SourceVersionDate "2006.11.23"]
[SourceQuality "1"]

1. d4 d5 2. c4 dxc4 3. e4 b5 4. a4 c6 5. Nc3 Qa5 6. Bd2 b4 7. Na2 e6 8. Bxc4 Ba6 9. Qc2 Qb6 10. Nf3 Bxc4 11. Qxc4 a5 12. 0-0 Nf6 13. Rfe1 Nbd7 14. Rac1 c5 15. d5 e5 16. Nh4 g6 17. f4 Rc8 18. Nf3 Bd6 19. Rcd1 Nh5 20. Nc1 f6 21. Nd3 Kf7 22. fxe5 Nxe5 23. Ndxe5+ fxe5 24. Ng5+ Ke7 25. Ne6 h6 26. Rf1 Nf4 27. Bxf4 exf4 28. Nxf4 Bxf4 29. Rxf4 Qd6 30. e5 Qd8 31. d6+ Kd7 32. Rf7+ Kc6 33. Qb5# 1-0

[Event "FRA-chT3 0405"]
[Site "France"]
[Date "2004.10.10"]
[Round "1.8"]
[White "Gourlaouen, Guillaume"]
[Black "Conner, Michel"]
[Result "1-0"]
[WhiteElo "1480"]
[BlackElo "1760"]
[PlyCount "89"]
[EventDate "2004.10.10"]
[EventType "team"]
[EventRounds "9"]
[EventCountry "FRA"]
[SourceTitle "EXT 2007"]
[Source "ChessBase"]
[SourceDate "2006.11.23"]
[SourceVersion "1"]
[SourceVersionDate "2006.11.23"]
[SourceQuality "1"]

1. e4 e6 2. d4 d5 3. Nc3 Bb4 4. e5 c5 5. a3 Bxc3+ 6. bxc3 Ne7 7. Nf3 Nbc6 8. Be2 Qa5 9. 0-0 c4 10. Bd2 Bd7 11. h3 0-0-0 12. Ng5 Rdf8 13. Bh5 g6 14. Be2 h6 15. Nf3 f5 16. exf6 Rxf6 17. Qc1 g5 18. Nh2 Ng6 19. Ng4 Rff8 20. Rb1 Qc7 21. Ne3 Nf4 22. Bg4 h5 23. g3 hxg4 24. gxf4 gxh3 25. fxg5 Qf4 26. Qd1 Qxg5+ 27. Ng4 Qh4 28. Kh2 Rhg8 29. f3 e5 30. Be1 Qh5 31. dxe5 Nxe5 32. Bg3 Bxg4 33. fxg4 Nxg4+ 34. Kh1 Rxf1+ 35. Qxf1 Ne3 36. Qf4 Rxg3 37. Qxg3 Nf5 38. Qg8+ Kc7 39. Rf1 Kd6 40. Qb8+ Ke6 41. Qc8+ Kf6 42. Qf8+ Ke6 43. Qg8+ Kd6 44. a4 Qe2 45. Qg6+ 1-0

[Event "Finistere-chT 0304"]
[Site "Finistere"]
[Date "2003.12.20"]
[Round "3.2"]
[White "Le Carre, Claude"]
[Black "Conner, Michel"]
[Result "1-0"]
[WhiteElo "1830"]
[BlackElo "1760"]
[PlyCount "83"]
[EventDate "2003.10.??"]
[EventType "team-swiss"]
[EventRounds "6"]
[EventCountry "FRA"]
[SourceTitle "EXT 2005"]
[Source "ChessBase"]
[SourceDate "2004.11.15"]
[SourceVersion "1"]
[SourceVersionDate "2004.11.15"]
[SourceQuality "1"]

1. d4 d5 2. c4 e6 3. cxd5 exd5 4. Nc3 Nf6 5. Nf3 c6 6. Bg5 Be7 7. e3 0-0 8. Bd3 Nbd7 9. 0-0 Re8 10. a3 a5 11. Rc1 Nf8 12. h3 Be6 13. Bb1 Qc8 14. Na4 Bxh3 15. gxh3 Qxh3 16. Bxf6 gxf6 17. Nh2 Ng6 18. Qg4 Qh6 19. Bxg6 hxg6 20. Kg2 f5 21. Qh3 Qg5+ 22. Qg3 Qf6 23. Nc5 Bd6 24. f4 Qe7 25. Kf2 Kg7 26. Rg1 Rh8 27. Nf1 Rh5 28. Qf3 Rah8 29. Ng3 Rh2+ 30. Rg2 Kf8 31. Nb3 R8h3 32. Rcg1 Qh4 33. Rxh2 Rxh2+ 34. Rg2 Rh3 35. Nxa5 g5 36. Qh5 Rxg3 37. Qxh4 Rxg2+ 38. Kxg2 gxh4 39. Nxb7 Be7 40. b4 Ke8 41. Nc5 Kd8 42. Nd3 1-0

[Event "IECC KO email"]
[Site "IECC email"]
[Date "2002.07.12"]
[Round "?"]
[White "Schalkwijk, Peter H"]
[Black "Conner, Michel"]
[Result "1/2-1/2"]
[WhiteElo "1694"]
[BlackElo "1258"]
[PlyCount "58"]
[EventDate "2002.??.??"]
[EventType "tourn (corr)"]
[EventRounds "6"]
[SourceTitle "Corr 2008"]
[Source "ChessBase"]
[SourceDate "2008.06.24"]
[SourceVersion "1"]
[SourceVersionDate "2008.06.24"]
[SourceQuality "1"]

1. e4 e6 2. Nc3 d5 3. d4 Bb4 4. Bd2 dxe4 5. Qg4 Qxd4 6. 0-0-0 f5 7. Qg3 Bd6 8. Bf4 Bxf4+ 9. Qxf4 Qc5 10. f3 Nf6 11. fxe4 e5 12. Qf3 Nc6 13. Nd5 Nxd5 14. Rxd5 Qe7 15. exf5 0-0 16. Bc4 Kh8 17. Qb3 Bxf5 18. Nf3 Be6 19. Qxb7 Bxd5 20. Bxd5 Nd4 21. Nxd4 exd4 22. Qxa8 Rxa8 23. Bxa8 Qe3+ 24. Kd1 g6 25. Re1 Qf4 26. h3 Qd6 27. Re8+ Kg7 28. Rb8 Kh6 29. Bf3 c5 1/2-1/2

[Event "Paris Apsap op 58th"]
[Site "Paris"]
[Date "2002.??.??"]
[Round "4"]
[White "Debeaune, Robin"]
[Black "Conner, Michel"]
[Result "1-0"]
[WhiteElo "2009"]
[BlackElo "1710"]
[PlyCount "59"]
[EventDate "2003.01.27"]
[EventType "swiss"]
[EventRounds "9"]
[EventCountry "FRA"]
[SourceTitle "EXT 2004"]
[Source "ChessBase"]
[SourceDate "2003.11.25"]
[SourceVersion "1"]
[SourceVersionDate "2003.11.25"]
[SourceQuality "1"]

1. e4 e6 2. Nf3 d5 3. e5 c5 4. b4 cxb4 5. a3 Nc6 6. axb4 Bxb4 7. c3 Be7 8. d4 f6 9. Bd3 fxe5 10. dxe5 Qc7 11. Bf4 Bd7 12. Qc2 0-0-0 13. Na3 a6 14. Qe2 Nb8 15. 0-0 b5 16. Nd4 Bxa3 17. Rxa3 Ne7 18. Qg4 Rdg8 19. h4 h6 20. h5 Nec6 21. Rb1 Nd8 22. Rab3 Rf8 23. Bg3 Rf7 24. Qe2 Nb7 25. Bg6 Rff8 26. Ra3 Nc5 27. f4 Qb6 28. Kh2 Nc6 29. Nxb5 Nxe5 30. Nd4 1-0

[Event "IECC CL8-2001.17"]
[Site "IECC email"]
[Date "2001.07.10"]
[Round "?"]
[White "Barnes, Althea"]
[Black "Conner, Michel"]
[Result "0-1"]
[WhiteElo "984"]
[BlackElo "1044"]
[PlyCount "62"]
[EventDate "2001.??.??"]
[EventType "tourn (corr)"]
[EventRounds "4"]
[SourceTitle "Corr 2008"]
[Source "ChessBase"]
[SourceDate "2008.06.24"]
[SourceVersion "1"]
[SourceVersionDate "2008.06.24"]
[SourceQuality "1"]

1. e4 e6 2. d4 d5 3. Nc3 Bb4 4. Bd2 dxe4 5. Nge2 Nf6 6. a3 Be7 7. g3 Nc6 8. Bg5 h6 9. Be3 Nd5 10. Bg2 Nxe3 11. fxe3 f5 12. Nf4 0-0 13. d5 exd5 14. Ncxd5 Bd6 15. Qd2 g5 16. Ne2 Be6 17. c4 Ne5 18. 0-0 Nxc4 19. Qd4 b5 20. Nec3 c6 21. Nb4 c5 22. Nc6 cxd4 23. Nxd8 Raxd8 24. exd4 a6 25. d5 Bc5+ 26. Kh1 Bxd5 27. Rfe1 Nxb2 28. Re2 Nd3 29. h3 Bc4 30. Kh2 Bd4 31. h4 Bxc3 0-1

[Event "IECC CL8-2001.17"]
[Site "IECC email"]
[Date "2001.07.10"]
[Round "?"]
[White "Conner, Michel"]
[Black "Mitchell, TT."]
[Result "1-0"]
[WhiteElo "1000"]
[BlackElo "906"]
[PlyCount "37"]
[EventDate "2001.??.??"]
[EventType "tourn (corr)"]
[EventRounds "4"]
[SourceTitle "Corr 2008"]
[Source "ChessBase"]
[SourceDate "2008.06.24"]
[SourceVersion "1"]
[SourceVersionDate "2008.06.24"]
[SourceQuality "1"]

1. d4 d5 2. c4 c6 3. Nf3 dxc4 4. e3 e6 5. Bxc4 b5 6. Bd3 Bb4+ 7. Bd2 Bxd2+ 8. Nbxd2 f6 9. Qc2 g6 10. h4 Ne7 11. h5 Nd7 12. hxg6 Kf8 13. Rxh7 Rxh7 14. gxh7 Kg7 15. Ke2 Qh8 16. Rh1 f5 17. Ng5 Nf8 18. d5 cxd5 19. Qc3+ 1-0